Southville International School and Colleges
Your cart is empty.
  • Cart
  • Lists
    Public lists Eva Luna New books Lux_list list_1
    Your lists Log in to create your own lists
  • Log in to your account
  • Your cookies
  • Search history
Southville International School and Colleges
  • Advanced search
  • Recent comments
  • Most popular
  • Libraries

Log in to your account

Log in with GOOGLE


If you do not have an external account, but do have a local account, you can still log in:

  1. Home
  2. MARC view: My ortho book :
Normal view MARC view ISBD view

My ortho book : (Record no. 18320)

[ view plain ]
MARC details
000 -LEADER
fixed length control field 00522nam a22001937a 4500
003 - CONTROL NUMBER IDENTIFIER
control field OSt
005 - DATE AND TIME OF LATEST TRANSACTION
control field 20140310183017.0
008 - FIXED-LENGTH DATA ELEMENTS--GENERAL INFORMATION
fixed length control field 130212t xxu||||| |||| 00| 0 eng d
020 ## - INTERNATIONAL STANDARD BOOK NUMBER
International Standard Book Number 9789715849661
050 ## - LIBRARY OF CONGRESS CALL NUMBER
Classification number RD 753
Item number .B66 2010
100 ## - MAIN ENTRY--PERSONAL NAME
Personal name Bonifacio-Mozo, Vilma.
245 ## - TITLE STATEMENT
Title My ortho book :
Statement of responsibility, etc Vilma Mozo-Bonifacio
Remainder of title guide in orthopedic nursing /
260 ## - PUBLICATION, DISTRIBUTION, ETC. (IMPRINT)
Place of publication, distribution, etc Quezon City :
Name of publisher, distributor, etc C&E Publishing,
Date of publication, distribution, etc 2010.
300 ## - PHYSICAL DESCRIPTION
Extent 184 p. :
Dimensions 26 cm.
521 ## - TARGET AUDIENCE NOTE
Target audience note
562 ## - COPY AND VERSION IDENTIFICATION NOTE
Number of copies 1
942 ## - ADDED ENTRY ELEMENTS (KOHA)
Source of classification or shelving scheme Library of Congress Classification
Koha item type Books
Call number prefix Local
Holdings
Withdrawn status Lost status Source of classification or shelving scheme Damaged status Home library Current library Shelving location Date acquired Total Checkouts Full call number Barcode Date last seen Copy number Price effective from Koha item type
    Library of Congress Classification   College Library College Library General Circulation Section 02/12/2013   RD 753 .B66 2010 C13322 05/15/2018 1 02/12/2013 Books

My ortho book :

APA

Bonifacio-Mozo V., . (2010). My ortho book. Quezon City: C&E Publishing.

Chicago

Bonifacio-Mozo Vilma, . 2010. My ortho book. Quezon City: C&E Publishing.

Harvard

Bonifacio-Mozo V., . (2010). My ortho book. Quezon City: C&E Publishing.

MLA

Bonifacio-Mozo Vilma, . My ortho book. Quezon City: C&E Publishing. 2010.

  • Place hold
  • Print
  • Cite
  • Add to your cart (remove)
  • Save record
    BIBTEX Dublin Core MARCXML MARC (non-Unicode/MARC-8) MARC (Unicode/UTF-8) MARC (Unicode/UTF-8, Standard) MODS (XML) RIS
  • More searches
    Search for this title in:
    Other Libraries (WorldCat) Other Databases (Google Scholar) Online Stores (Bookfinder.com) Open Library (openlibrary.org)

Exporting to Dublin Core...

SOUTHVILLE LIBRARY

Southville International School and Colleges Library

1281 Tropical Ave. Cor. Luxembourg St., BF Homes International, Las Pinas City

Tel. No. 8256374 / 252358 Loc. 117/146

Powered by Koha